| 000 | 00788nam a2200217Ia 4500 | ||
|---|---|---|---|
| 005 | 20241129111435.0 | ||
| 008 | 241129s9999||||xx |||||||||||||| ||und|| | ||
| 020 | _a978-93-85689-31-4 | ||
| 037 | _aTB | ||
| 040 |
_aCRL _bhin _cCRL |
||
| 041 |
_ahin _2hin |
||
| 084 |
_aO152,3M80,SK:g Q7 _qCRL |
||
| 100 | _aगोयनका, कमल किशोर, ले. | ||
| 245 | 0 |
_aप्रेमचंद और शतरंज के खिलाड़ी _cगोयनका, कमल किशोर, ले. |
|
| 260 |
_aदिल्ली, भारत _bयश पब्लिकेशंस _c2017 |
||
| 300 | _a119पृ0 | ||
| 365 |
_aINR _b250 |
||
| 650 |
_aHindi LiteratureFiction _9726203 |
||
| 942 |
_cTB _hO152,3M80,SK:g Q7 |
||
| 999 |
_c1230479 _d1230479 |
||